Sanat - "Autiotalo" - Dingo - Statistics

Yleistilastot
  • Tätä visaa on pelattu 546 kertaa
  • Keskiarvotulos 74 / 116
Vastaustilastot
Sanat % Oikein
Ja
97%
ja
97%
Se
94%
se
94%
92%
aution
88%
autioon
86%
taloon
86%
saa
85%
kädessä
84%
käsi
84%
kuljemme
84%
niin
84%
hetki
83%
tämä
83%
aivovaurioon
82%
minua
82%
minut
82%
ravistaa
81%
pian
79%
sun
79%
talon
79%
jaan
78%
kanssasi
78%
Kun
77%
taa
74%
vie
74%
Aurinko
73%
laskee
72%
hiuksesi
71%
mene
70%
värjää
70%
selkäsi
69%
Eput
68%
"älä
66%
et
65%
Et
65%
On
65%
on
65%
punaisellaan
65%
tai
63%
silti
60%
sydämeni
60%
viet."
59%
Menet
58%
En
57%
njet
55%
51%
hengittää
46%
edes
45%
koko
45%
Olen
45%
Olin
45%
ääneen
44%
autiotalon
44%
pimeään
44%
silmissäs
44%
sinua
44%
sua
44%
tien
44%
tukkii
44%
tuoksusi
44%
uskalla
44%
yöt
44%
naurus
43%
tajuntani
43%
Andalusian
42%
narkomaani
42%
naurat
42%
vien
42%
enää
41%
reppuselässä
41%
tuu
41%
lakastuu
40%
rinnoilles
40%
seppeleen
40%
hengittäen
39%
hullu
39%
ikuisuuden
39%
reppuselkääni
39%
Joku
38%
keksinyt
38%
kukat
38%
kukista
38%
lyön
38%
pääni
38%
teen
37%
pimeessä
36%
siihen
35%
turvautuen
35%
yksi
34%
heistä
32%
hiuksiini
25%
aulaa:
5%
Ehtoja vastaavia visoja ei löytynyt
Tulosjakauma
Jokaisen tuloksen saaneiden osuus
Persentiili vastausten määrän mukaan
Tuloshistoriasi
Et ole pelannut tätä visaa